Elements. (3), Tiché vody /
Romantický příběh o Maggie, která v deseti letech ztratila po traumatickém zážitku hlas, a o její dětské lásce, Brooksovi, který se stal i její životní láskou.
Uloženo v:
| Série: | Elements,
část 3 |
|---|---|
| Hlavní autor: | |
| Další autoři: | |
| Médium: | E-kniha |
| Jazyk: | Czech |
| Vydáno: |
Praha :
Baronet,
2022
|
| Vydání: | Vydání první |
| Témata: | |
| Příbuzné jednotky: | Z cyklu::
Elements |
| Tagy: |
Žádné tagy |
| LEADER | 02798nam a2200469 i 4500 | ||
|---|---|---|---|
| 001 | 311609 | ||
| 003 | CZ PrSKC | ||
| 005 | 20260601215708.0 | ||
| 007 | ta | ||
| 008 | 220726s2022 xr g 000 f cze | ||
| 015 | |a cnb003438719 | ||
| 020 | |a 9788026918646 |q (vázáno) | ||
| 035 | |a (OCoLC)1344359405 | ||
| 040 | |a ABG001 |b cze |e rda | ||
| 041 | 1 | |a cze |h eng | |
| 072 | 7 | |a 821.111(73)-3 |x Americká próza |2 Konspekt | |
| 080 | |a 821.111(73)-31 |2 MRF | ||
| 080 | |a (0:82-312.5) |2 MRF | ||
| 100 | 1 | |a Cherry, Brittainy C. |7 xx0260451 |4 aut | |
| 240 | 1 | 0 | |a Silent waters. |l Česky |
| 245 | 1 | 0 | |a Elements. |n (3), |p Tiché vody / |c Brittainy C. Cherry ; přeložila: Ivana Dresia |
| 246 | 3 | 0 | |a Tiché vody |
| 250 | |a Vydání první | ||
| 264 | 1 | |a Praha : |b Baronet, |c 2022 | |
| 300 | |a 368 stran ; |c 20 cm | ||
| 336 | |a text |b txt |2 rdacontent | ||
| 337 | |a bez média |b n |2 rdamedia | ||
| 338 | |a svazek |b nc |2 rdacarrier | ||
| 500 | |a Přeloženo z angličtiny | ||
| 520 | 2 | |a Romantický příběh o Maggie, která v deseti letech ztratila po traumatickém zážitku hlas, a o její dětské lásce, Brooksovi, který se stal i její životní láskou. |b Naše životy jsou sbírkou okamžiků. Některé jsou bolestné a plné prožitého utrpení. Jiné jsou naplněny novou nadějí a příslibem lepších zítřků. Zažila jsem ve svém životě mnoho okamžiků, které pro mě byly výzvou a navždy mě změnily, okamžiky, které mě vyděsily a převálcovaly. Nicméně u těch největších - nejsrdceryvnějších a nejúchvatnějších - byl vždycky on. Bylo mi deset, když jsem přišla o hlas. Byla jsem o něj oloupena a jediný, kdo dokázal naslouchat mému mlčení, byl Brooks Griffin. Byl světlem mých temných dnů a příslibem zítřka, dokud si i jeho nenašla hrozná tragédie. Tragédie, jež ho nakonec málem utopila v moři vzpomínek. Toto je příběh chlapce a dívky, kteří se milovali navzájem, ale neměli rádi sami sebe. Příběh o životě a smrti. O lásce a nesplněných slibech. Nakladatelská anotace. Kráceno. | |
| 546 | |a Český text | ||
| 655 | 7 | |a americké romány |7 fd131796 |2 czenas | |
| 655 | 7 | |a milostné romány |7 fd132840 |2 czenas | |
| 655 | 9 | |a American fiction |2 eczenas | |
| 655 | 9 | |a love novels |2 eczenas | |
| 700 | 1 | |a Dresia, Ivana |7 xx0235996 |4 trl | |
| 787 | 0 | 8 | |i Z cyklu: |t Elements |g 3 |
| 900 | |a ABG001 |b 21 | ||
| 044 | |a xr | ||
| 910 | |a RBIT002 | ||
| 998 | |d 356925 |a https://core.palmknihy.cz/api/books/356925/cover?sgy901 |b https://core.palmknihy.cz/api/books/356925/cover/400?sgy901 |c https://core.palmknihy.cz/api/books/356925/cover/50?sgy901 |e 2026-06-17 |g 368 |i 9788026918646 |j https://core.palmknihy.cz/api/books/356925/preview.epub |l |q 49 |r 1 |s https://www.palmknihy.cz/kniha/356925 |t ebook |y 2022 |z 0 |v Elements |w 3 | ||
| 999 | |d 311607 | ||